<?xml version="1.0" encoding="UTF-8"?>
<record
    xmlns:xsi="http://www.w3.org/2001/XMLSchema-instance"
    xsi:schemaLocation="http://www.loc.gov/MARC21/slim http://www.loc.gov/standards/marcxml/schema/MARC21slim.xsd"
    xmlns="http://www.loc.gov/MARC21/slim">

  <leader>04484nam a2200997 a 4500</leader>
  <controlfield tag="005">20241128083654.0</controlfield>
  <controlfield tag="008">100701s2012    ag il. f |||| 001 0 spa d</controlfield>
  <datafield tag="020" ind1=" " ind2=" ">
    <subfield code="a">9789500602716</subfield>
  </datafield>
  <datafield tag="041" ind1=" " ind2=" ">
    <subfield code="a">spa</subfield>
  </datafield>
  <datafield tag="092" ind1=" " ind2=" ">
    <subfield code="c">618</subfield>
    <subfield code="l">55</subfield>
    <subfield code="s">NAS</subfield>
  </datafield>
  <datafield tag="100" ind1="1" ind2=" ">
    <subfield code="a">Nassif, Juan Carlos</subfield>
    <subfield code="9">1808</subfield>
  </datafield>
  <datafield tag="245" ind1=" " ind2=" ">
    <subfield code="a">Obstetricia.</subfield>
    <subfield code="b">Fundamentos y enfoque pr&#xE1;ctico /</subfield>
    <subfield code="c">Juan Carlos Nassif</subfield>
  </datafield>
  <datafield tag="250" ind1=" " ind2=" ">
    <subfield code="a">1a ed.</subfield>
    <subfield code="b">Ilustrado por Nuria Garc&#xED;a</subfield>
  </datafield>
  <datafield tag="260" ind1=" " ind2=" ">
    <subfield code="a">Buenos Aires: </subfield>
    <subfield code="b">Editorial M&#xE9;dica Panamericana;</subfield>
    <subfield code="c">2012.</subfield>
  </datafield>
  <datafield tag="300" ind1=" " ind2=" ">
    <subfield code="a">562 p.</subfield>
    <subfield code="c">19x27 cm.</subfield>
    <subfield code="b">il.</subfield>
  </datafield>
  <datafield tag="500" ind1=" " ind2=" ">
    <subfield code="a">Nassif, J. C. y Kekliki&#xE1;n, R. I. (2012). Obstetricia. Fundamentos y enfoque pr&#xE1;ctico. (1a ed.). Buenos Aires : Editorial M&#xE9;dica Panamericana.</subfield>
  </datafield>
  <datafield tag="653" ind1=" " ind2=" ">
    <subfield code="a">Indicadores de salud materna y perinatal</subfield>
  </datafield>
  <datafield tag="653" ind1=" " ind2=" ">
    <subfield code="a">Aspectos medicolegales en obstetricia</subfield>
  </datafield>
  <datafield tag="653" ind1=" " ind2=" ">
    <subfield code="a">Anatom&#xED;a y fisiolog&#xED;a materna. M&#xF3;vil fetal</subfield>
  </datafield>
  <datafield tag="653" ind1=" " ind2=" ">
    <subfield code="a">Fecundaci&#xF3;n y placentaci&#xF3;n</subfield>
  </datafield>
  <datafield tag="653" ind1=" " ind2=" ">
    <subfield code="a">Embriog&#xE9;nesis. Crecimiento y desarrollo fetal</subfield>
  </datafield>
  <datafield tag="653" ind1=" " ind2=" ">
    <subfield code="a">Modificaciones fisiograv&#xED;dicas</subfield>
  </datafield>
  <datafield tag="653" ind1=" " ind2=" ">
    <subfield code="a">Asesoramiento y cuidado preconcepcional</subfield>
  </datafield>
  <datafield tag="653" ind1=" " ind2=" ">
    <subfield code="a">Diagn&#xF3;stico de embarazo</subfield>
  </datafield>
  <datafield tag="653" ind1=" " ind2=" ">
    <subfield code="a">Control prenatal</subfield>
  </datafield>
  <datafield tag="653" ind1=" " ind2=" ">
    <subfield code="a">Enfoque de riesgo en obstetricia y su atenci&#xF3;n</subfield>
  </datafield>
  <datafield tag="653" ind1=" " ind2=" ">
    <subfield code="a">Tamizaje (screening) y diagn&#xF3;stico prenatal de anomal&#xED;as cromos&#xF3;micas</subfield>
  </datafield>
  <datafield tag="653" ind1=" " ind2=" ">
    <subfield code="a">Teratogenia. Farmacos y embarazo</subfield>
  </datafield>
  <datafield tag="653" ind1=" " ind2=" ">
    <subfield code="a">Preparaci&#xF3;n integral para la maternidad</subfield>
  </datafield>
  <datafield tag="653" ind1=" " ind2=" ">
    <subfield code="a">Sexualidad en el embarazo y puerperio</subfield>
  </datafield>
  <datafield tag="653" ind1=" " ind2=" ">
    <subfield code="a">Embarazo en la adolescencia</subfield>
  </datafield>
  <datafield tag="653" ind1=" " ind2=" ">
    <subfield code="a">Embarazo en mujeres de mas de 40 a&#xF1;os</subfield>
  </datafield>
  <datafield tag="653" ind1=" " ind2=" ">
    <subfield code="a">Fisiolog&#xED;a fetal. Cardiotocograf&#xED;a anteparto</subfield>
  </datafield>
  <datafield tag="653" ind1=" " ind2=" ">
    <subfield code="a">Estudio del l&#xED;quido amni&#xF3;tico. Amniocentesis y maduraci&#xF3;n pulmonar. Perfil biof&#xED;sico fetal</subfield>
  </datafield>
  <datafield tag="653" ind1=" " ind2=" ">
    <subfield code="a">Ecograf&#xED;a en los distintos trimestres del embarazo</subfield>
  </datafield>
  <datafield tag="653" ind1=" " ind2=" ">
    <subfield code="a">Doppler en la pr&#xE1;ctica obst&#xE9;trica</subfield>
  </datafield>
  <datafield tag="653" ind1=" " ind2=" ">
    <subfield code="a">Terapia fetal. Cordocentesis</subfield>
  </datafield>
  <datafield tag="653" ind1=" " ind2=" ">
    <subfield code="a">Trabajo de parto. Fen&#xF3;menos activos y pasivos</subfield>
  </datafield>
  <datafield tag="653" ind1=" " ind2=" ">
    <subfield code="a">Mecanismo de parto en general y en cef&#xE1;licas de v&#xE9;rtice y en cef&#xE1;licas deflexionadas</subfield>
  </datafield>
  <datafield tag="653" ind1=" " ind2=" ">
    <subfield code="a">Presentaci&#xF3;n pelviana o pod&#xE1;lica</subfield>
  </datafield>
  <datafield tag="653" ind1=" " ind2=" ">
    <subfield code="a">Asistencia del parto</subfield>
  </datafield>
  <datafield tag="653" ind1=" " ind2=" ">
    <subfield code="a">Distocias din&#xE1;micas. Distocias &#xF3;seas</subfield>
  </datafield>
  <datafield tag="653" ind1=" " ind2=" ">
    <subfield code="a">Alumbramiento normal</subfield>
  </datafield>
  <datafield tag="653" ind1=" " ind2=" ">
    <subfield code="a">Alumbramiento patol&#xF3;gico. Hemorragia posparto</subfield>
  </datafield>
  <datafield tag="653" ind1=" " ind2=" ">
    <subfield code="a">Bioseguridad y antisepcia en obstetricia</subfield>
  </datafield>
  <datafield tag="653" ind1=" " ind2=" ">
    <subfield code="a">Inducci&#xF3;n al parto</subfield>
  </datafield>
  <datafield tag="653" ind1=" " ind2=" ">
    <subfield code="a">Cerclaje. Incompetencia istmicocervical</subfield>
  </datafield>
  <datafield tag="653" ind1=" " ind2=" ">
    <subfield code="a">Episiotomia. Desgarros perineales</subfield>
  </datafield>
  <datafield tag="653" ind1=" " ind2=" ">
    <subfield code="a">F&#xF3;rceps</subfield>
  </datafield>
  <datafield tag="653" ind1=" " ind2=" ">
    <subfield code="a">Extractor de vacio</subfield>
  </datafield>
  <datafield tag="653" ind1=" " ind2=" ">
    <subfield code="a">Ces&#xE1;rea abdominal. Histerectom&#xED;a puerperal</subfield>
  </datafield>
  <datafield tag="653" ind1=" " ind2=" ">
    <subfield code="a">Anestesia y analgesia en obstetricia</subfield>
  </datafield>
  <datafield tag="653" ind1=" " ind2=" ">
    <subfield code="a">Reci&#xE9;n nacido de t&#xE9;rmino. Reci&#xE9;n nacido de pret&#xE9;rmino</subfield>
  </datafield>
  <datafield tag="653" ind1=" " ind2=" ">
    <subfield code="a">Enfermedades y lesiones del feto y del reci&#xE9;n nacido</subfield>
  </datafield>
  <datafield tag="653" ind1=" " ind2=" ">
    <subfield code="a">Puerperio normal y lactancia</subfield>
  </datafield>
  <datafield tag="653" ind1=" " ind2=" ">
    <subfield code="a">Puerperio patol&#xF3;gico. Tromboembolismo pulmonar</subfield>
  </datafield>
  <datafield tag="653" ind1=" " ind2=" ">
    <subfield code="a">Hemorragias del primer trimestre. Aborto, embarazo ect&#xB4;&#xF3;pico y enfermedad trofobl&#xE1;stica gestacional</subfield>
  </datafield>
  <datafield tag="653" ind1=" " ind2=" ">
    <subfield code="a">Hemorragias de la segunda mitad del embarazo</subfield>
  </datafield>
  <datafield tag="653" ind1=" " ind2=" ">
    <subfield code="a">Embarazo m&#xFA;ltiple</subfield>
  </datafield>
  <datafield tag="653" ind1=" " ind2=" ">
    <subfield code="a">Anomal&#xED;as en el volumen del l&#xED;quido amni&#xF3;tico</subfield>
  </datafield>
  <datafield tag="653" ind1=" " ind2=" ">
    <subfield code="a">Embarazo post&#xE9;rmino</subfield>
  </datafield>
  <datafield tag="653" ind1=" " ind2=" ">
    <subfield code="a">Trabajo de parto prematuro</subfield>
  </datafield>
  <datafield tag="653" ind1=" " ind2=" ">
    <subfield code="a">Rotura prematura de membranas</subfield>
  </datafield>
  <datafield tag="653" ind1=" " ind2=" ">
    <subfield code="a">Infecciones perinatales</subfield>
  </datafield>
  <datafield tag="653" ind1=" " ind2=" ">
    <subfield code="a">Infecciones por VIH, Chagas y s&#xED;filis en el embarazo</subfield>
  </datafield>
  <datafield tag="653" ind1=" " ind2=" ">
    <subfield code="a">Hepatopat&#xED;as en el embarazo</subfield>
  </datafield>
  <datafield tag="653" ind1=" " ind2=" ">
    <subfield code="a">Hipertensi&#xF3;n en el embarazo. Preeclampsia</subfield>
  </datafield>
  <datafield tag="653" ind1=" " ind2=" ">
    <subfield code="a">Emergencia hipertensiva. Eclampsia y s&#xED;ndrome Hellp</subfield>
  </datafield>
  <datafield tag="653" ind1=" " ind2=" ">
    <subfield code="a">Diabetes Mellitus gestacional</subfield>
  </datafield>
  <datafield tag="653" ind1=" " ind2=" ">
    <subfield code="a">Enfermedad hemol&#xED;tica perinatal</subfield>
  </datafield>
  <datafield tag="653" ind1=" " ind2=" ">
    <subfield code="a">Restricci&#xF3;n del crecimiento intrauterino</subfield>
  </datafield>
  <datafield tag="653" ind1=" " ind2=" ">
    <subfield code="a">Asfixia perinatal y muerte fetal</subfield>
  </datafield>
  <datafield tag="653" ind1=" " ind2=" ">
    <subfield code="a">Enfermedades autoinmunes y embarazo</subfield>
  </datafield>
  <datafield tag="653" ind1=" " ind2=" ">
    <subfield code="a">Tumores benignos y embarazo. Miomas y tumores de ovario</subfield>
  </datafield>
  <datafield tag="653" ind1=" " ind2=" ">
    <subfield code="a">C&#xE1;ncer ginecol&#xF3;gico y embarazo</subfield>
  </datafield>
  <datafield tag="653" ind1=" " ind2=" ">
    <subfield code="a">Traumatismo y embarazo</subfield>
  </datafield>
  <datafield tag="653" ind1=" " ind2=" ">
    <subfield code="a">Patolog&#xED;a quir&#xFA;rgica y embarazo</subfield>
  </datafield>
  <datafield tag="653" ind1=" " ind2=" ">
    <subfield code="a">Tiroideopat&#xED;as y embarazo</subfield>
  </datafield>
  <datafield tag="653" ind1=" " ind2=" ">
    <subfield code="a">Diabetes pregestacional</subfield>
  </datafield>
  <datafield tag="653" ind1=" " ind2=" ">
    <subfield code="a">Trastornos hematol&#xF3;gicos durante el embarazo</subfield>
  </datafield>
  <datafield tag="653" ind1=" " ind2=" ">
    <subfield code="a">Enfermedad pulmonar y cardiovascular. Hipertensi&#xF3;n cr&#xF3;nica</subfield>
  </datafield>
  <datafield tag="653" ind1=" " ind2=" ">
    <subfield code="a">Obstretricia y salud mental. Adicciones durante el embarazo</subfield>
  </datafield>
  <datafield tag="653" ind1=" " ind2=" ">
    <subfield code="a">Violencia de g&#xE9;nero y obstetricia</subfield>
  </datafield>
  <datafield tag="700" ind1="1" ind2=" ">
    <subfield code="a">Kekliki&#xE1;n, Roberto Isidro</subfield>
    <subfield code="9">1809</subfield>
  </datafield>
  <datafield tag="942" ind1=" " ind2=" ">
    <subfield code="2">ddc</subfield>
    <subfield code="c">BK</subfield>
  </datafield>
  <datafield tag="999" ind1=" " ind2=" ">
    <subfield code="c">1105</subfield>
    <subfield code="d">1105</subfield>
  </datafield>
  <datafield tag="952" ind1=" " ind2=" ">
    <subfield code="0">0</subfield>
    <subfield code="1">0</subfield>
    <subfield code="2">ddc</subfield>
    <subfield code="4">0</subfield>
    <subfield code="7">0</subfield>
    <subfield code="8">REF</subfield>
    <subfield code="a">BFM</subfield>
    <subfield code="b">BFM</subfield>
    <subfield code="c">REF</subfield>
    <subfield code="d">2012-10-10</subfield>
    <subfield code="e">COMPRA PROMED, OCTUBRE 2012</subfield>
    <subfield code="g">390.00</subfield>
    <subfield code="l">4</subfield>
    <subfield code="m">4</subfield>
    <subfield code="o">618 55 NAS</subfield>
    <subfield code="p">2622</subfield>
    <subfield code="r">2026-03-10</subfield>
    <subfield code="s">2025-12-12</subfield>
    <subfield code="t">Ej.1</subfield>
    <subfield code="w">2012-10-10</subfield>
    <subfield code="y">REF</subfield>
    <subfield code="z">LIBRO DE CONSULTA. Sede Tordos. COMPRA PROMED, OCTUBRE 2012</subfield>
    <subfield code="f"></subfield>
  </datafield>
  <datafield tag="952" ind1=" " ind2=" ">
    <subfield code="0">0</subfield>
    <subfield code="1">0</subfield>
    <subfield code="2">ddc</subfield>
    <subfield code="4">0</subfield>
    <subfield code="7">0</subfield>
    <subfield code="a">BFM</subfield>
    <subfield code="b">BFM</subfield>
    <subfield code="c">CR</subfield>
    <subfield code="d">2012-10-10</subfield>
    <subfield code="e">COMPRA PROMED, OCTUBRE 2012</subfield>
    <subfield code="g">390.00</subfield>
    <subfield code="l">81</subfield>
    <subfield code="m">24</subfield>
    <subfield code="o">618 55 NAS</subfield>
    <subfield code="p">2623</subfield>
    <subfield code="r">2026-02-26</subfield>
    <subfield code="s">2026-02-06</subfield>
    <subfield code="t">Ej.2</subfield>
    <subfield code="w">2012-10-10</subfield>
    <subfield code="y">BK</subfield>
    <subfield code="z">COMPRA PROMED, OCTUBRE 2012</subfield>
  </datafield>
  <datafield tag="952" ind1=" " ind2=" ">
    <subfield code="0">0</subfield>
    <subfield code="1">0</subfield>
    <subfield code="2">ddc</subfield>
    <subfield code="4">0</subfield>
    <subfield code="7">0</subfield>
    <subfield code="a">BFM</subfield>
    <subfield code="b">BFM</subfield>
    <subfield code="c">CR</subfield>
    <subfield code="d">2012-11-19</subfield>
    <subfield code="e">COMPRA  PROMED,  OCTUBRE 2012</subfield>
    <subfield code="g">390.00</subfield>
    <subfield code="l">61</subfield>
    <subfield code="m">27</subfield>
    <subfield code="o">618 55 NAS</subfield>
    <subfield code="p">2624</subfield>
    <subfield code="r">2026-03-19</subfield>
    <subfield code="s">2026-02-11</subfield>
    <subfield code="t">Ej.3</subfield>
    <subfield code="w">2012-11-19</subfield>
    <subfield code="y">BK</subfield>
    <subfield code="z">COMPRA  PROMED,  OCTUBRE 2012</subfield>
  </datafield>
  <datafield tag="952" ind1=" " ind2=" ">
    <subfield code="0">0</subfield>
    <subfield code="1">0</subfield>
    <subfield code="2">ddc</subfield>
    <subfield code="4">0</subfield>
    <subfield code="7">0</subfield>
    <subfield code="a">BFM</subfield>
    <subfield code="b">BFM</subfield>
    <subfield code="c">CR</subfield>
    <subfield code="d">2013-05-08</subfield>
    <subfield code="e">COMPRA PROMED 2DO A&#xD1;O. MAYO  2013</subfield>
    <subfield code="g">359.00</subfield>
    <subfield code="l">54</subfield>
    <subfield code="m">13</subfield>
    <subfield code="o">618 55 NAS</subfield>
    <subfield code="p">2838</subfield>
    <subfield code="q">2026-06-09</subfield>
    <subfield code="r">2026-06-02</subfield>
    <subfield code="s">2026-06-02</subfield>
    <subfield code="t">Ej.4</subfield>
    <subfield code="w">2013-05-08</subfield>
    <subfield code="y">BK</subfield>
    <subfield code="z">COMPRA PROMED 2DO A&#xD1;O. Mayo 2013. Sede Tordos.</subfield>
    <subfield code="f"></subfield>
  </datafield>
  <datafield tag="952" ind1=" " ind2=" ">
    <subfield code="0">0</subfield>
    <subfield code="1">0</subfield>
    <subfield code="2">ddc</subfield>
    <subfield code="4">0</subfield>
    <subfield code="7">0</subfield>
    <subfield code="a">BFM</subfield>
    <subfield code="b">BFM</subfield>
    <subfield code="c">CR</subfield>
    <subfield code="d">2013-05-08</subfield>
    <subfield code="e">COMPRA PROMED 2DO A&#xD1;O. MAYO  2013</subfield>
    <subfield code="g">359.00</subfield>
    <subfield code="l">63</subfield>
    <subfield code="m">20</subfield>
    <subfield code="o">618 55 NAS</subfield>
    <subfield code="p">2839</subfield>
    <subfield code="r">2026-02-13</subfield>
    <subfield code="s">2025-12-02</subfield>
    <subfield code="t">Ej.5</subfield>
    <subfield code="w">2013-05-08</subfield>
    <subfield code="y">BK</subfield>
    <subfield code="z">COMPRA PROMED 2DO A&#xD1;O. Mayo 2013. Sede Tordos.</subfield>
    <subfield code="f"></subfield>
  </datafield>
  <datafield tag="952" ind1=" " ind2=" ">
    <subfield code="0">0</subfield>
    <subfield code="1">0</subfield>
    <subfield code="2">ddc</subfield>
    <subfield code="4">0</subfield>
    <subfield code="7">0</subfield>
    <subfield code="a">BFM</subfield>
    <subfield code="b">BFM</subfield>
    <subfield code="c">CR</subfield>
    <subfield code="d">2013-05-22</subfield>
    <subfield code="e">DONACION ED. PANAMERICANA</subfield>
    <subfield code="l">89</subfield>
    <subfield code="m">32</subfield>
    <subfield code="o">618 55 NAS</subfield>
    <subfield code="p">2921</subfield>
    <subfield code="r">2026-03-05</subfield>
    <subfield code="s">2025-12-17</subfield>
    <subfield code="t">Ej. 6</subfield>
    <subfield code="w">2013-05-22</subfield>
    <subfield code="y">BK</subfield>
    <subfield code="z">DONACION ED. MEDICA PANAMERICANA</subfield>
    <subfield code="f"></subfield>
  </datafield>
</record>
